Sports Quiz

Random Sports Quiz

'C' Sports Pictures (slideshow) Quiz Stats

Quiz not verified by Sporcle

Challenge
Share
Tweet
Score 0/25 Timer 05:00
0 Plays Today
% Correct
Chess
97.5%
Cycling
92.9%
Cricket
91.3%
Cheerleaders
90.4%
Curling
89.2%
Chicago Cubs
85.7%
Cassius Clay
81.7%
Croquet
79%
San Diego Chargers
69.2%
Chelsea
67.4%
Montreal Canadiens
67.2%
Wilt Chamberlain
62%
Jimmy Connors
59.3%
% Correct
Ty Cobb
58.2%
Canoeing
48.4%
Jennifer Capriati
47.4%
Nadia Comaneci
38.9%
Johan Cruyff
33.3%
Caber
26.6%
Calgary
25.4%
Sebastian Coe
24.5%
Julio Cesar Chavez
23.9%
Margaret Court
19%
John Carlos
10%
Citation
9.6%

You're not logged in!

Compare scores with friends on all Sporcle quizzes.
Sign Up with Email
OR
Log In

You Might Also Like...

Show Comments

Extras

Top Quizzes Today


Score Distribution

Your Account Isn't Verified!

In order to create a playlist on Sporcle, you need to verify the email address you used during registration. Go to your Sporcle Settings to finish the process.